00652nam a2200205Ia 450000500170000000800410001704000190005804100120007708200150008924500680010426000530017230000140022565000230023965100270026270000230028985000100031294200070032299900160032995201010034520230215141813.0131103s9999 xx 000 0 und d aLoreto College aEnglish a820.9bVAS aMiddle English surveyb critical essay cedited by Edward Vasta aNotre DomebUniversity of Notre Dome Pressc1965 ax,336 p.  aEnglish Literature aCritical Study - Essay aVasta, Edward, ed. aLCLIB cBK c7788d58267 00102ddc4070aMAINbMAINd2013-11-04l0o820.9 VAS 14051pB7660r2013-11-04w2013-11-04yBKf